| 000 | 00428 a2200133 4500 | ||
|---|---|---|---|
| 005 | 20250605172924.0 | ||
| 020 | _a0-691-08794-6 | ||
| 082 | _aTEA LECT 658.15 de MAT | ||
| 100 | _aDE MATOS, J. A. | ||
| 245 | _aTheoretical Foundations of Corporate Finance | ||
| 260 |
_aNew Jersey, _bPrinceton University press, _c2001. |
||
| 300 |
_axvii, 301p.: Ill.;figures. _bBibliographical references & Index _c24cm. |
||
| 942 |
_2ddc _cBKS |
||
| 999 |
_c3258 _d3258 |
||